| 000 | 00701cam a22002292 4500 | ||
|---|---|---|---|
| 001 | 22407 | ||
| 003 | BD-RjUL | ||
| 005 | 20211209000813.0 | ||
| 008 | 140308s1935 enkaf 000 0 eng d | ||
| 035 | _a(BD-RjUL)22472 | ||
| 040 |
_aLDL _cLDL _dBD-RjUL _beng |
||
| 041 | _aeng | ||
| 082 |
_a916.2 _bRAV 1935 |
||
| 090 |
_aBF1999 _b.R362 1935x |
||
| 100 | 1 |
_aRandall-Stevens, H. C. _969187 |
|
| 245 | 1 | 2 |
_aA voice out of Egypt : _ban adventure in clair-audience / _ctold by Hugh C. Randall-Stevens. |
| 260 |
_aLondon : _bF. Mott, _c1935. |
||
| 300 |
_a200 p., [4] leaves of plates : _bill. ; _c23 cm. |
||
| 650 | 0 |
_aSpiritualism. _969188 |
|
| 740 | 3 | 1 | _aAn adventure in clair-audience. |
| 942 |
_2ddc _cBK |
||
| 999 |
_c22407 _d22407 |
||